000 00609nam a2200193Ia 4500
008 151121s9999||||xx |||||||||||||| ||und||
082 _a813/कविश्व
082 _bHNW-42379
100 _aवैद्य छबुताई कवीश्वर
245 _aशीळ
260 _b"सुरस प्रकाशन, सोलापूर"
260 _c--
300 _a82
600 _aवैद्य छबुताई कवीश्वर
630 _aशीळ
700 _aवैद्य छबुताई कवीश्वर
730 _aशीळ
942 _cBOOK
999 _c1231004
_d1231001